Encyclopedia of India : (Record no. 35857)

MARC details
000 -LEADER
fixed length control field 01533nam a22002534a 4500
005 - DATE AND TIME OF LATEST TRANSACTION
control field 20100508161748.0
008 - FIXED-LENGTH DATA ELEMENTS--GENERAL INFORMATION
fixed length control field 080216s2008 ii a e 001 0 eng
020 ## - INTERNATIONAL STANDARD BOOK NUMBER
International Standard Book Number 9788181310088 (set)
Terms of availability 2850.00(set)
037 ## - SOURCE OF ACQUISITION
Source of stock number/acquisition PUB
040 ## - CATALOGING SOURCE
Original cataloging agency dpl
Language of cataloging English
245 ## - TITLE STATEMENT
Title Encyclopedia of India :
Remainder of title comprehensive coverage of India into the 21st Century
260 ## - PUBLICATION, DISTRIBUTION, ETC. (IMPRINT)
Place of publication, distribution, etc New Delhi :
Name of publisher, distributor, etc Encyclopaedia Britannica (India) Pvt. Ltd.,
Date of publication, distribution, etc 2008
300 ## - PHYSICAL DESCRIPTION
Extent 5 v (362p.; 367p.; 383p.; 377p.; 425p.)
Other physical details ill. (chiefly col.) ;
Dimensions 25 cm(Hb)
500 ## - GENERAL NOTE
General note Includes index
505 ## - FORMATTED CONTENTS NOTE
Formatted contents note v. 1. A to C -- v. 2. D to H -- v. 3. I to Mira Bai -- v. 4. Miraj to Shastri -- v. 5. Shath to Z, index.
651 ## - SUBJECT ADDED ENTRY--GEOGRAPHIC NAME
Geographic name India
Form subdivision Encyclopedias.
710 ## - ADDED ENTRY--CORPORATE NAME
Corporate name or jurisdiction name as entry element Encyclopaedia Britannica (India) Pvt. Ltd.
942 ## - ADDED ENTRY ELEMENTS (KOHA)
Source of classification or shelving scheme Dewey Decimal Classification
Item type English Books
Call number suffix ENC
Holdings
Withdrawn status Lost status Source of classification or shelving scheme Materials specified (bound volume or other part) Damaged status Not for loan Home library Current library Date acquired Cost, normal purchase price Total Checkouts Full call number Date last seen Cost, replacement price Koha item type Public note
    Dewey Decimal Classification v. 1. A to   Ordered Andrews Gunj Andrews Gunj 08/05/2010 2850.00   ENC 08/05/2010 2850.00 English Books v. 1. A to C
    Dewey Decimal Classification v. 2. D to   Ordered Andrews Gunj Andrews Gunj 08/05/2010 2850.00   ENC 08/05/2010 2850.00 English Books v. 2. D to H
    Dewey Decimal Classification v. 3. I to   Ordered Andrews Gunj Andrews Gunj 08/05/2010 2850.00   ENC 08/05/2010 2850.00 English Books v. 3. I to Mira Bai
    Dewey Decimal Classification v. 4. Mira   Ordered Andrews Gunj Andrews Gunj 08/05/2010 2850.00   ENC 08/05/2010 2850.00 English Books v. 4. Miraj to Shastri
    Dewey Decimal Classification v. 5. Shat   Ordered Andrews Gunj Andrews Gunj 08/05/2010 2850.00   ENC 08/05/2010 2850.00 English Books v. 5. Shath to Z, index.

© Delhi Public Library
Hit Counter
free hit counter